000 01264nam a2200361 i 4500
001 24587
003 KOSZ 005
005 20241219062953.0
008 961010s1996 pl f |000 0 pol d
020 _a8386543019
040 _cKOSZ 005
_aKOSZ 005
_dKOSZ 005/HR
046 _k1996
080 _a657
080 _a(083)
100 1 _aKarwowski, Edward
_eAutor
245 1 0 _aZasady sporządzania, obiegu i kontroli oraz przechowywania i zabezpieczania dokumentów (dowodów) księgowych i ksiąg rachunkowych :
_b(przykładowa instrukcja zakładowa) /
_cEdward Karwowski.
260 _aWarszawa :
_bFundacja Rozwoju Rachunkowości,
_c1996.
300 _a169, [2] s. ;
_c24 cm.
336 _2rdacontent
_aTekst
_btxt
337 _2rdamedia
_aBez urządzenia pośredniczącego
_bn
338 _2rdacarrier
_aWolumin
_bnc
380 _aKsiążki
380 _aPublikacje fachowe
388 _a1901-2000
388 _a1989-2000
650 4 _aDowód księgowy
650 4 _aObieg dokumentów
658 _aGospodarka, ekonomia, finanse
650 4 _aRachunkowość
655 4 _aInstrukcja
856 _uhttp://koha.tu.koszalin.pl/cgi-bin/koha/opac-detail.pl?biblionumber=24587
_yKatalog online BPK
942 _cKS
_2UKD
999 _c24587
_d24587